Money and banking.

Bibliographic Details
Main Author: Kent, Raymond P., 1909-
Format: Book
Language:English
Published: New York : Rinehart, [1947]
Subjects:

MARC

Tag First Indicator Second Indicator Subfields
LEADER 00000cam a2200000 4500
001 in00000065162
005 20151008051226.0
008 780223s1947 nyu 00000 engdu
010 |a  47001645  
035 |a (OCoLC)03663803 
035 |9 AAG6582AM 
040 |c SDF  |d TXA  |d UtOrBLW 
049 |a TXAM  |c [168649] 
050 0 0 |a HG221  |b .K385 
082 0 |a 332 
092 |a 332  |b K37m 
100 1 |a Kent, Raymond P.,  |d 1909- 
245 1 0 |a Money and banking. 
264 1 |a New York :  |b Rinehart,  |c [1947] 
300 |a xiii, 702 pages :  |b illustrations, maps. ;  |c 24 cm. 
336 |a text  |b txt  |2 rdacontent 
337 |a unmediated  |b n  |2 rdamedia 
338 |a volume  |b nc  |2 rdacarrier 
650 0 |a Money. 
650 0 |a Banks and banking. 
999 |a MARS 
999 f f |s 65052322-a939-30b1-b1e3-4c99451e68cd  |i 2b295573-695c-3c9e-a659-cbbedc690d70  |t 0 
952 f f |p ric  |a Texas A&M University  |b Rellis Campus  |c Joint Library Facility  |d Remote Storage  |t 0  |e HG221 .K385  |h Library of Congress classification  |i unmediated -- volume  |m A14800726530 
998 f f |a HG221 .K385  |t 0  |l Remote Storage